Environmental studies : (Record no. 41002)

MARC details
000 -LEADER
fixed length control field 00823nam a22002297a 4500
005 - DATE AND TIME OF LATEST TRANSACTION
control field 20100811141159.0
010 ## - LCCN (DPL NO)
LC control number ENG-99711
020 ## - INTERNATIONAL STANDARD BOOK NUMBER
Terms of availability 40.00
035 ## - SYSTEM CONTROL NUMBER
System control number EN-83243
037 ## - SOURCE OF ACQUISITION
Source of stock number/acquisition DBAD/PUB
082 ## - DEWEY DECIMAL CLASSIFICATION NUMBER
Classification number 333.7097
245 ## - TITLE STATEMENT
Title Environmental studies :
Remainder of title U.G.C. syllabus /
260 ## - PUBLICATION, DISTRIBUTION, ETC. (IMPRINT)
Place of publication, distribution, etc Tiruchirappalli
Name of publisher, distributor, etc Periyar E.V.R. College Alumni Association
Date of publication, distribution, etc 2007
270 ## - ADDRESS
Address Periyar E.V.R. College
City Tiruchirappalli
Postal code 620023
300 ## - PHYSICAL DESCRIPTION
Extent 214p.
Dimensions 21cm (pbk)
650 ## - SUBJECT ADDED ENTRY--TOPICAL TERM
Topical term or geographic name as entry element Environment protection
650 ## - SUBJECT ADDED ENTRY--TOPICAL TERM
Topical term or geographic name as entry element Environmental Engineering
700 ## - ADDED ENTRY--PERSONAL NAME
9 (RLIN) 10878
Personal name Sharma, C Monika
700 ## - ADDED ENTRY--PERSONAL NAME
Personal name Nayak, Shankar
9 (RLIN) 10963
942 ## - ADDED ENTRY ELEMENTS (KOHA)
Source of classification or shelving scheme Dewey Decimal Classification
Item type English Books
Classification part 333.7097
Call number suffix ENV
Holdings
Withdrawn status Lost status Not for loan Collection code Home library Current library Date acquired Source of acquisition Cost, normal purchase price Full call number Barcode Copy number Cost, replacement price Koha item type
    Not For Loan Non-fiction D.B.Act.Division D.B.Act.Division 11/08/2010 DBAD/PUB 40.00 333.7097 ENV EN-83243 1 40.00 English Books

© Delhi Public Library
Hit Counter
free hit counter